[Event "C.to Provinciale BI-VC"]
[Site "Santhia' ITA"]
[Date "2011.04.15"]
[Round "6"]
[White "Giordanetti, Giuseppe"]
[Black "Bardone, Lorenzo"]
[Result "0-1"]
[WhiteElo "1544"]
[BlackElo "1789"]
[PlyCount "90"]
[EventDate "2011.03.04"]

1. Nf3 d5 2. g3 c6 3. Bg2 Bg4 4. O-O Nd7 5. d3 e5 6. Nbd2 Ngf6 7. h3 Bh5 8. c4
Bd6 9. b3 O-O 10. Qc2 Re8 11. Bb2 e4 12. dxe4 dxe4 13. Nd4 e3 14. fxe3 Bxg3 15.
Ne4 Nxe4 16. Bxe4 Nf6 17. Bf3 Bxf3 18. Rxf3 Ne4 19. Nf5 Qg5 20. Nxg3 Nxg3 21.
Kf2 Ne4+ 22. Kf1 Rad8 23. Rd1 Rxd1+ 24. Qxd1 Rd8 25. Qe1 Nd2+ 26. Kf2 Qh4+ 27.
Rg3 Ne4+ 28. Kg2 Qxg3+ 29. Qxg3 Nxg3 30. Kxg3 Rd2 31. Bc3 Rxe2 32. Kf3 Rxa2 33.
Bd4 a5 34. h4 a4 35. bxa4 Rxa4 36. c5 f6 37. Kf4 Kf7 38. h5 Ke6 39. Ke4 g6 40.
hxg6 hxg6 41. Kf4 Rxd4+ 42. exd4 Kd5 43. Ke3 g5 44. Kd3 g4 45. Ke3 g3 0-1

[Event "C.to Provinciale BI-VC"]
[Site "Santhia' ITA"]
[Date "2011.04.15"]
[Round "6"]
[White "Penna, Tommaso"]
[Black "Migliorini, Matteo"]
[Result "1/2-1/2"]
[WhiteElo "1810"]
[BlackElo "1855"]
[PlyCount "24"]
[EventDate "2011.03.04"]

1. d4 d5 2. c4 c6 3. Nc3 Nf6 4. Nf3 a6 5. a4 Bf5 6. Qb3 Ra7 7. Bg5 Ne4 8. cxd5
Nxc3 9. Qxc3 cxd5 10. e3 Nc6 11. Be2 f6 12. Bh4 e6 1/2-1/2

[Event "C.to Provinciale BI-VC"]
[Site "Santhia' ITA"]
[Date "2011.04.15"]
[Round "6"]
[White "Redamante, Marzio"]
[Black "Isoardi, Luigi"]
[Result "0-1"]
[WhiteElo "1497"]
[BlackElo "1762"]
[PlyCount "103"]
[EventDate "2011.03.04"]

1. d4 d5 2. Nf3 c6 3. e3 Bg4 4. c4 e6 5. c5 Nf6 6. Be2 Nbd7 7. Qc2 Bf5 8. Bd3
Bxd3 9. Qxd3 g6 10. Nc3 Bg7 11. O-O O-O 12. b4 Rb8 13. a4 b6 14. cxb6 Nxb6 15.
Ne5 Qd6 16. Ba3 Nfd7 17. b5 c5 18. Nc6 Rb7 19. Na5 Rc7 20. Nb3 Nc4 21. Bxc5
Nxc5 22. Nxc5 Rxc5 23. dxc5 Qxc5 24. Ra2 Nxe3 25. Qxe3 Qxc3 26. Qxa7 Rc8 27.
Qe3 Qc4 28. Qa3 Bf8 29. Qb2 Bd6 30. b6 Bxh2+ 31. Kxh2 Qxf1 32. b7 Rb8 33. a5
Qa6 34. Qb6 Qxb6 35. axb6 Rxb7 36. Rb2 f5 37. Kg3 e5 38. Kf3 Kf7 39. g4 Ke6 40.
gxf5+ gxf5 41. Ke3 d4+ 42. Kd3 h5 43. Kc4 Kd6 44. Kb5 d3 45. f3 e4 46. fxe4
fxe4 47. Rb4 Kd5 48. Rb2 e3 49. Rh2 d2 50. Rxh5+ Ke4 51. Rh4+ Kd3 52. Kc5 0-1

[Event "C.to Provinciale BI-VC"]
[Site "Santhia' ITA"]
[Date "2011.04.15"]
[Round "6"]
[White "Scarrone, Alberto"]
[Black "Caldi, Mario"]
[Result "1/2-1/2"]
[WhiteElo "1811"]
[BlackElo "1862"]
[PlyCount "73"]
[EventDate "2011.03.04"]

1. d4 Nf6 2. c4 g6 3. Nc3 Bg7 4. e4 d6 5. Nf3 O-O 6. Be2 e5 7. d5 Nbd7 8. Bg5
h6 9. Bh4 a5 10. Nd2 Nc5 11. f3 g5 12. Bf2 b6 13. O-O Nh5 14. a3 Nf4 15. b3 Qd7
16. Rb1 f5 17. b4 Ncd3 18. Bxd3 Nxd3 19. Nb3 Nxf2 20. Rxf2 axb4 21. axb4 Bb7
22. c5 Qf7 23. Qf1 bxc5 24. bxc5 Ba6 25. Qe1 Rfb8 26. Rfb2 Bd3 27. Rd1 Bc4 28.
Rdb1 Bxb3 29. Rxb3 Rxb3 30. Rxb3 dxc5 31. Qb1 Rf8 32. exf5 Qxf5 33. Qxf5 Rxf5
34. Ne4 Bf8 35. Rc3 Rf7 36. Nxc5 Bxc5+ 37. Rxc5 1/2-1/2

[Event "C.to Provinciale BI-VC"]
[Site "Santhia' ITA"]
[Date "2011.04.15"]
[Round "6"]
[White "Siclari, Giovanni"]
[Black "Squara, Marco"]
[Result "0-1"]
[WhiteElo "1902"]
[BlackElo "1810"]
[PlyCount "60"]
[EventDate "2011.03.04"]

1. f4 Nf6 2. Nf3 g6 3. d3 d5 4. g3 Bg7 5. Bg2 c5 6. O-O Nc6 7. Qe1 O-O 8. Na3
Bf5 9. c3 Qd7 10. Be3 b6 11. Bf2 Rac8 12. Rd1 Bh3 13. e4 Bxg2 14. Kxg2 Qb7 15.
e5 Ng4 16. d4 cxd4 17. Bxd4 Nxd4 18. Nxd4 e6 19. h3 Nh6 20. Nab5 Qd7 21. g4 Kh8
22. g5 Nf5 23. Nxf5 gxf5 24. Nd4 Rg8 25. h4 Bf8 26. Kh2 Bc5 27. Ne2 Qa4 28. a3
h6 29. Nd4 Bxd4 30. Rxd4 Rc4 0-1

[Event "C.to Provinciale BI-VC"]
[Site "Santhia' ITA"]
[Date "2011.04.15"]
[Round "6"]
[White "Tibaldeschi, Attilio"]
[Black "Posadinu, Mauro"]
[Result "0-1"]
[WhiteElo "1726"]
[BlackElo "1413"]
[PlyCount "95"]
[EventDate "2011.03.04"]

1. Nf3 d6 2. b3 Bg4 3. Bb2 Nd7 4. d4 Ngf6 5. Nbd2 c6 6. e3 Qa5 7. c3 e6 8. Be2
Be7 9. O-O O-O 10. a4 Qh5 11. e4 e5 12. Re1 h6 13. Ba3 Rae8 14. Qc2 Nh7 15. Nf1
f5 16. Ng3 Qg6 17. Nh4 Bxh4 18. Bxg4 fxg4 19. Nf5 Be7 20. Qd3 Kh8 21. Re3 c5
22. Rf1 Bg5 23. Re2 Re6 24. h4 Bd8 25. b4 cxd4 26. cxd4 Ref6 27. g3 exd4 28.
Qxd4 b6 29. Bb2 Ne5 30. Qc3 Rxf5 31. exf5 Qxf5 32. Kg2 Bf6 33. Ba1 Rc8 34. Qe1
Qf3+ 35. Kg1 Qd5 36. Bxe5 Bxe5 37. Qb1 Nf6 38. Qf5 Rf8 39. Rc2 Kg8 40. Qg6 Ne4
41. Re2 Nd2 42. Rc1 Nf3+ 43. Kf1 Qd4 44. Qe6+ Kh8 45. Qe7 Nd2+ 46. Kg1 Rf6 47.
Rc7 Qa1+ 48. Kh2 0-1

[Event "C.to Provinciale BI-VC"]
[Site "Santhia' ITA"]
[Date "2011.04.15"]
[Round "6"]
[White "Zannoni, Gianni"]
[Black "Costantino, Gian Franco"]
[Result "1-0"]
[WhiteElo "1815"]
[BlackElo "1741"]
[PlyCount "139"]
[EventDate "2011.03.04"]

1. Nf3 Nf6 2. g3 b6 3. Bg2 Bb7 4. O-O e6 5. d3 d5 6. Nbd2 Be7 7. Re1 O-O 8. c3
c5 9. Qc2 Nbd7 10. e4 Qc7 11. Nf1 dxe4 12. dxe4 e5 13. Nh4 g6 14. Bg5 Rfd8 15.
Rad1 c4 16. Ne3 Kg7 17. Ng4 Nxg4 18. Bxe7 Re8 19. Bd6 Qc6 20. h3 Ngf6 21. Rd2
Nc5 22. Bxc5 Qxc5 23. Red1 Qc7 24. f3 b5 25. Kh2 Rad8 26. Bf1 Rxd2+ 27. Rxd2
Rd8 28. Ng2 a6 29. Ne3 Rxd2+ 30. Qxd2 Qd7 31. Qxd7 Nxd7 32. a4 Nc5 33. axb5
axb5 34. Kg2 Na4 35. Nd1 f5 36. exf5 gxf5 37. Kf2 e4 38. f4 h5 39. Be2 Kg6 40.
g4 hxg4 41. hxg4 fxg4 42. Bxg4 Kf6 43. Bd7 Ba6 44. Bc6 Nc5 45. Ke3 Kf5 46. Nf2
Ke6 47. Bxe4 Nxe4 48. Nxe4 Kd5 49. Nf6+ Ke6 50. Ne8 Kd7 51. Ng7 Bc8 52. Ke4 Ke7
53. Ke5 Bd7 54. f5 Kf7 55. Kd6 Bc8 56. Kc7 Ba6 57. Ne6 b4 58. cxb4 Bb5 59. Kd6
Kf6 60. Nd4 Be8 61. Kc5 Bd7 62. b5 Ke7 63. Kxc4 Kd6 64. b4 Ke7 65. Kc5 Bc8 66.
Kb6 Kd6 67. Ka7 Kc7 68. b6+ Kd6 69. b7 Bxb7 70. Kxb7 1-0